| 000 | 00742cam a2200217 a 4500 | ||
|---|---|---|---|
| 999 |
_c21698 _d21698 |
||
| 003 | BD-DhIDS | ||
| 005 | 20260615124911.0 | ||
| 008 | 180316b1950 enk||||| |||| 00| 0 eng d | ||
| 040 |
_aBD-DhIDS _cBD-DhIDS _dBD-DhIDS |
||
| 041 | _aEng | ||
| 082 |
_a301.353 _bIn ECO |
||
| 110 | 2 | _aBoard of Economic Inquiry Punjab | |
| 245 | 0 | 3 |
_aAn Economic Survey of Durrana Langana: _ba village in the Multan District of the Punjab . |
| 260 |
_aLondon: _bMacmillan, _c1950 |
||
| 300 |
_axx, 398p.; _c15 cm. |
||
| 490 | _aPunjab village surveys | ||
| 504 | _aIncludes bibliographical references and index. | ||
| 650 | 0 | 4 |
_aRural community development _xRural councils or panchayats _zPunjab |
| 650 | 0 | 4 |
_aEconomic survey _y1938 _zPunjab |
| 942 |
_2ddc _cBK |
||